El pequeño Nicolás /

El pequeño Nicolás se lo pasa en grande en la escuela. Pero no todo va a ser felicidad: ¡se acerca el día de la entrega de notas!

Guardado en:
Autor Principal: Goscinny, René
Otros Autores: Sempé; il., Benítez, Esther; trad.
Formato: Libro
Publicado: Buenos Aires : Alfaguara, 1996.
Edición:3a reimp.
Series:Juvenil Alfaguara
Materias:
Etiquetas: Agregar Etiqueta
Sin Etiquetas, Sea el primero en etiquetar este registro!
LEADER 01133nam a22003015a 4500
001 CEM.cems019649
008 221004s1996##################000#0#####d
005 20240426155326.0
245 1 0 |a El pequeño Nicolás /  |c René Goscinny ; ilustrado por Sempé ; traducido por Esther Benítez. 
250 |a 3a reimp. 
260 |a Buenos Aires :  |b Alfaguara,  |c 1996. 
300 |a 144 p. 
490 1 |a Juvenil Alfaguara 
500 |a Título original: Le petit Nicolas. 
520 |a El pequeño Nicolás se lo pasa en grande en la escuela. Pero no todo va a ser felicidad: ¡se acerca el día de la entrega de notas! 
500 |a A partir de 10 años. 
020 |a 9505110812 
100 1 |a Goscinny, René 
700 1 |a Sempé; il. 
700 1 |a Benítez, Esther; trad. 
082 0 4 |a 843.9 
653 |a Literatura 
653 |a Literatura francesa 
653 |a Literatura infantil 
653 |a Novela 
859 |a CEMS  |b BIB. CEMS - Agricultura  |h 843.9  |i G692  |p A3574.23  |t Ej.1 
859 |a CEMS  |b BIB. CEMS - Inicial y Primaria  |h 843.9  |i G692-2  |k IP  |p 1177  |t Ej.1 
859 |a CEMS  |b BIB. CEMS - Inicial y Primaria  |h 843.9  |i G692-2  |k IP  |p 1047  |t Ej.2